Capitales d'Océanie - désordre - Statistiques

Statistiques générales
  • Ce quiz a été pris 102 fois
  • Le résultat moyen est 12 sur 14
Réponses sur la Carte
Les réponses sont colorées sur une échelle allant du rouge au vert en fonction du pourcentage des utilisateurs qui les ont devinées à leur premier essai. Vous pouvez retrouver ces pourcentages ci-dessous.
 
Statistiques - réponses
Pays Capitale % Correct
Australie Canberra
100%
Nouvelle-Zélande Wellington
98%
Papouasie-Nouvelle-Guinée Port Moresby
96%
Fidji Suva
92%
Micronésie Palikir
90%
Samoa Apia
88%
Vanuatu Port-Vila
88%
Tuvalu Funafuti
83%
Îles Marshall Majuro
81%
Kiribati Tarawa
81%
Palaos Ngerulmud
79%
Nauru Yaren
79%
Salomon Honiara
75%
Tonga Nuku'alofa
75%
Aucun quiz correspondant
Distribution des résultats
% des personnes avec chaque résultat
Percentile par nombre de réponses
Votre historique - résultats
Vous n’avez pas pris ce quiz